| 000 | 01397cam a2200373 i 4500 | ||
|---|---|---|---|
| 999 |
_c3551 _d3551 |
||
| 001 | 17941279 | ||
| 003 | GZU | ||
| 005 | 20201202104709.0 | ||
| 008 | 131114s2015 maua b 001 0 eng | ||
| 010 | _a 2013043421 | ||
| 020 | _a9780133462784 | ||
| 020 | _a0133462781 | ||
| 040 |
_aDLC _beng _cDLC _erda _dDLC |
||
| 042 | _apcc | ||
| 050 | 0 | 0 |
_aHD4901 _b.EHR 2015 |
| 082 | 0 | 0 |
_a331 _223 |
| 100 | 1 |
_aEhrenberg, Ronald G., _eauthor. |
|
| 245 | 1 | 0 |
_aModern labor economics : _btheory and public policy / _cRonald G. Ehrenberg, School of Industrial and Labor Relations, Cornell University, Robert S. Smith, School of Industrial and Labor Relations, Cornell University. |
| 250 | _aTwelfth edition. | ||
| 264 | 1 |
_aBoston : _bPearson, _c[2015] |
|
| 300 |
_axxi, 661 pages : _billustrations ; _c24 cm |
||
| 336 |
_atext _2rdacontent |
||
| 337 |
_aunmediated _2rdamedia |
||
| 338 |
_avolume _2rdacarrier |
||
| 500 | _aPrevious edition: 2012. | ||
| 504 | _aIncludes bibliographical references and indexes. | ||
| 650 | 0 | _aLabor economics. | |
| 650 | 0 | _aLabor policy. | |
| 650 | 0 | _aPersonnel management. | |
| 700 | 1 |
_aSmith, Robert Stewart, _eauthor. |
|
| 906 |
_a7 _bcbc _corignew _d1 _eecip _f20 _gy-gencatlg |
||
| 942 |
_2lcc _cBK _h4901 _iEHR _kHD |
||